Lever of empire (Record no. 1100325)

MARC details
000 -LEADER
fixed length control field 01098nam a2200313Ia 4500
003 - CONTROL NUMBER IDENTIFIER
control field OSt
005 - DATE AND TIME OF LATEST TRANSACTION
control field 20221006153413.0
008 - FIXED-LENGTH DATA ELEMENTS--GENERAL INFORMATION
fixed length control field 221006b |||||||| |||| 00| 0 eng d
020 ## - INTERNATIONAL STANDARD BOOK NUMBER
International Standard Book Number 9780520244207
037 ## - SOURCE OF ACQUISITION
Terms of availability Textual
040 ## - CATALOGING SOURCE
Original cataloging agency EASL
Transcribing agency EASL
Language of cataloging eng
041 ## - LANGUAGE CODE
Source of code eng
Language code of text/sound track or separate title eng
100 ## - MAIN ENTRY--PERSONAL NAME
Personal name METZLER Mark
9 (RLIN) 663739
245 #0 - TITLE STATEMENT
Title Lever of empire
Remainder of title The international gold standard and the crisis of liberalism in prewar Japan
260 ## - PUBLICATION, DISTRIBUTION, ETC.
Place of publication, distribution, etc. Berkeley
Name of publisher, distributor, etc. University of California Press
Date of publication, distribution, etc. 2006
300 ## - PHYSICAL DESCRIPTION
Extent 370p.
Dimensions cm.
490 ## - SERIES STATEMENT
Volume/sequential designation JEL
Series statement Twentieth-century Japan: The emergence of a world power
650 ## - SUBJECT ADDED ENTRY--TOPICAL TERM
Topical term or geographic name entry element Currency question
9 (RLIN) 663740
650 ## - SUBJECT ADDED ENTRY--TOPICAL TERM
Topical term or geographic name entry element Gold standard - History
9 (RLIN) 663741
650 ## - SUBJECT ADDED ENTRY--TOPICAL TERM
Topical term or geographic name entry element Liberalism - Japan
9 (RLIN) 663742
650 ## - SUBJECT ADDED ENTRY--TOPICAL TERM
Topical term or geographic name entry element Monetary policy- Japan
9 (RLIN) 663743
650 ## - SUBJECT ADDED ENTRY--TOPICAL TERM
Topical term or geographic name entry element Money - Japan - History
9 (RLIN) 663744
942 ## - ADDED ENTRY ELEMENTS (KOHA)
Classification part V42:191,(X61).N41, P6
Koha item type Textual
Source of classification or shelving scheme Colon Classification (CC)
Holdings
Withdrawn status Lost status Source of classification or shelving scheme Damaged status Not for loan Home library Current library Date acquired Source of acquisition Serial Enumeration / chronology Total Checkouts Full call number Barcode Date last seen Price effective from Koha item type
    Colon Classification (CC)     Department of East Asian Studies Library Department of East Asian Studies Library 2022-10-06 Gift, Prof. Sonoko Hijikata JEL   V42:191,(X61).N41 P6 EA1232996 2022-10-06 2022-10-06 Textual
Copyright @ Delhi University Library System